Normal view
MARC view
- Zied Elisa, Winter Ruth
Entry Personal Name
001 - CONTROL NUMBER
- control field: 65806
003 - CONTROL NUMBER IDENTIFIER
- control field: NUST
005 - DATE AND TIME OF LATEST TRANSACTION
- control field: 20210628203507.0
008 - FIXED-LENGTH DATA ELEMENTS
- fixed length control field: 210628|| aca||aabn | a|a d
040 ## - CATALOGING SOURCE
- Original cataloging agency: NUST
- Transcribing agency: NUST
100 ## - HEADING--PERSONAL NAME
- Personal name: Zied Elisa, Winter Ruth
670 ## - SOURCE DATA FOUND
- Source citation: Work cat.: (NUST): Zied Elisa, Winter Ruth, Feed your family right, how to make smart food and fitness choices for a healthy lifestyle, 2007
